Firms lay foundations for sustainability (Record no. 69733)

MARC details
000 -LEADER
fixed length control field 00929cam a2200217 4500
001 - CONTROL NUMBER
control field WB3809-06
008 - FIXED-LENGTH DATA ELEMENTS--GENERAL INFORMATION
fixed length control field 020307n2002 000 0 eng u
035 ## - SYSTEM CONTROL NUMBER
System control number (Sirsi) u117046
245 ## - TITLE STATEMENT
Title Firms lay foundations for sustainability
260 ## - PUBLICATION, DISTRIBUTION, ETC.
Date of publication, distribution, etc. 2002
490 ## - SERIES STATEMENT
Series statement ENDS Report
Volume/sequential designation (325) February 2002, 10(1)
520 ## - SUMMARY, ETC.
Summary, etc. Leading constructions firms and consultants including Carillion, Balfour Beatty, Ove Arup, Laing and WS Atkins, have signed up to test a new set of sustainable development indicators for the sector. "Sustainable construction: Company indicators (C563)", is avilable from CIRIA price £90 at http://www.ciria.org.uk or t +44 (0)20 9222 8891.
590 ## - LOCAL NOTE (RLIN)
Local note WB
650 ## - SUBJECT ADDED ENTRY--TOPICAL TERM
Topical term or geographic name entry element CONSTRUCTION FIRMS
650 ## - SUBJECT ADDED ENTRY--TOPICAL TERM
Topical term or geographic name entry element CONSTRUCTION INDUSTRY
650 ## - SUBJECT ADDED ENTRY--TOPICAL TERM
Topical term or geographic name entry element SUSTAINABILITY INDICATORS
650 ## - SUBJECT ADDED ENTRY--TOPICAL TERM
Topical term or geographic name entry element ENVIRONMENTAL PERFORMANCE
650 ## - SUBJECT ADDED ENTRY--TOPICAL TERM
Topical term or geographic name entry element CIRIA
690 ## - LOCAL SUBJECT ADDED ENTRY--TOPICAL TERM (OCLC, RLIN)
Topical term or geographic name as entry element BUILT ENVIRONMENT-SUSTAINABLE CONSTRUCTION
942 ## - ADDED ENTRY ELEMENTS (KOHA)
Suppress in OPAC 0
Holdings
Withdrawn status Lost status Source of classification or shelving scheme Damaged status Not for loan Home library Current library Shelving location Date acquired Total Checkouts Full call number Barcode Date last seen Copy number Price effective from Koha item type
    Dewey Decimal Classification     London London News article 07/03/2002   WB3809-06 117046-1001 06/08/2019 1 06/08/2019 News article